Superheroes by T-Shirt Quiz Stats

Quiz Updated Aug 4, 2016

Also try: Sitcoms by T-Shirt
Challenge
Share
Tweet
Score 0/25 Timer 03:00
1 Play Today
Superhero % Correct
Spider-Man
97%
Superman
96.1%
Hulk
95.2%
Flash
95.2%
Captain America
92.9%
Green Lantern
91.3%
Iron Man
91.1%
Wonder Woman
90.3%
Batman
90.1%
Wolverine
87.4%
Daredevil
86.8%
Catwoman
84.5%
Fantastic Four
82.3%
Superhero % Correct
Robin
81%
Aquaman
73.3%
Punisher
60.9%
Thor
45.4%
Hawkman
34.1%
Kick-Ass
30.9%
Judge Dredd
28.9%
Hawkeye
24.1%
Jean Grey
23.6%
Cyborg
22.3%
Spawn
22%
Rorschach
20.1%

You're not logged in!

Compare scores with friends on all Sporcle quizzes.
Join for Free
OR
Log In

You Might Also Like...

Show Comments

Extras

Top Quizzes Today


Score Distribution

Your Account Isn't Verified!

In order to create a playlist on Sporcle, you need to verify the email address you used during registration. Go to your Sporcle Settings to finish the process.

Report this User

Report this user for behavior that violates our Community Guidelines.

Details: